Vplyv imigrácie na ekonomický rast Španielska bakalárska práca

Na minha lista:
Detalhes bibliográficos
Autor principal: Jakábová, Monika
Autor Corporativo: Fakulta medzinárodných vzťahov EU. Katedra medzinárodných ekonomických vzťahov a hospodárskej diplomacie
Outros Autores: Dancáková, Ivana
Formato: Livro
Idioma:eslovaco
Publicado em: Bratislava 2020
Tags: Adicionar Tag
Sem tags, seja o primeiro a adicionar uma tag!

MARC

LEADER 00000nbm a2200000 4500
001 0265814
005 20200910083737.1
041 0 |a slo 
044 |a SK 
245 1 0 |a Vplyv imigrácie na ekonomický rast Španielska  |b bakalárska práca  |c Monika Jakábová ; školiteľ: Ivana Dancáková 
264 1 |a Bratislava  |c 2020 
300 |a 57 s. 
100 1 |a Jakábová, Monika 
700 1 |a Dancáková, Ivana 
710 2 |a Fakulta medzinárodných vzťahov EU. Katedra medzinárodných ekonomických vzťahov a hospodárskej diplomacie